| 000 | 00565nam a22002057a 4500 | ||
|---|---|---|---|
| 005 | 20260515115012.0 | ||
| 008 | 240221b ||||| |||| 00| 0 eng d | ||
| 020 | _a9789358494822 | ||
| 040 |
_aIN-DiNC _cIN-DiNC |
||
| 041 | _deng | ||
| 082 |
_a370.54 _bDEK |
||
| 100 |
_aDeka, Nabanita _eauthor |
||
| 245 |
_aHistory of Indian education/ _cby Nabanita Deka and Parthana Bhagabati |
||
| 250 | _a1st ed. | ||
| 260 |
_aDibrugarh: _bBanalata, _c2023. |
||
| 300 | _a324p. | ||
| 650 | _aIndian education | ||
| 700 |
_aBhagabati, Parthana _eauthor |
||
| 942 |
_2ddc _cBK |
||
| 999 |
_c11728 _d11728 |
||